ළමා අපයෝජන සහ නීතිය : (Record no. 99)
[ view plain ]
| 000 -LEADER | |
|---|---|
| fixed length control field | 008370000a22001810004500 |
| 003 - CONTROL NUMBER IDENTIFIER | |
| control field | LK-CoMWRAF |
| 005 - DATE AND TIME OF LATEST TRANSACTION | |
| control field | 20240103150930.0 |
| 008 - FIXED-LENGTH DATA ELEMENTS--GENERAL INFORMATION | |
| fixed length control field | 230817t ||||| |||| 00| 0 eng d |
| 040 ## - CATALOGING SOURCE | |
| Original cataloging agency | LK-CoMWRAF |
| Modifying agency | LK-CoMWRAF |
| Description conventions | LK-CoMWRAF |
| 041 ## - LANGUAGE CODE | |
| Language code of text/sound track or separate title | English |
| 082 ## - DEWEY DECIMAL CLASSIFICATION NUMBER | |
| Classification number | 362 |
| Item number | LAM |
| 942 ## - ADDED ENTRY ELEMENTS (KOHA) | |
| Koha item type | Books |
| 245 ## - TITLE STATEMENT | |
| Title | ළමා අපයෝජන සහ නීතිය : |
| Remainder of title | නීතිය සහ නෛතික ක්රියාවලිය පිලිබඳ විමර්ශනයක් |
| 246 ## - VARYING FORM OF TITLE | |
| Title proper/short title | Lama Apayojanaya Saha Neethiya : Neethiya Saha Dainika Kriyawaliya Pilibanda Vimarshanayak |
| 260 ## - PUBLICATION, DISTRIBUTION, ETC. (IMPRINT) | |
| Place of publication, distribution, etc. | කොළඹ : |
| Name of publisher, distributor, etc. | මානව හිමිකම් සහ සංවර්ධනය පිලිබඳ නීතිවේදී සංවිධානය, |
| 300 ## - PHYSICAL DESCRIPTION | |
| Extent | පි.107 |
| 650 ## - SUBJECT ADDED ENTRY--TOPICAL TERM | |
| Topical term or geographic name as entry element | ළමා අපයෝජන සහ නීතිය |
| Withdrawn status | Lost status | Damaged status | Not for loan | Permanent Location | Current Location | Date acquired | Full call number | Barcode | Koha item type |
|---|---|---|---|---|---|---|---|---|---|
| Resource center, Muslim Women's Research And Action Forum | Resource center, Muslim Women's Research And Action Forum | 2023-08-17 | 362 LAM | RAF3975 | Books |

